All Legendary, Mythical, Ultra Beast, and Paradox Pokémon - Statistics

General Stats
  • This quiz has been taken 19 times
  • The average score is 78 of 125
Answer Stats
Pokédex No. Answer % Correct
493 Arceus
93%
144 Articuno
93%
383 Groudon
93%
382 Kyogre
93%
380 Latias
93%
381 Latios
93%
150 Mew
93%
151 Mewtwo
93%
146 Moltres
93%
378 Regice
93%
377 Regirock
93%
379 Registeel
93%
145 Zapdos
93%
251 Celebi
86%
386 Deoxys
86%
244 Entei
86%
487 Giratina
86%
250 Ho-Oh
86%
792 Lunala
86%
243 Raikou
86%
384 Rayquaza
86%
486 Regigigas
86%
643 Reshiram
86%
791 Solgaleo
86%
245 Suicune
86%
716 Xerneas
86%
717 Yveltal
86%
644 Zekrom
86%
483 Dialga
79%
649 Genesect
79%
385 Jirachi
79%
647 Keldeo
79%
646 Kyurem
79%
249 Lugia
79%
484 Palkia
79%
718 Zygarde
79%
638 Cobalion
71%
789 Cosmog
71%
491 Darkrai
71%
719 Diancie
71%
720 Hoopa
71%
490 Manaphy
71%
800 Necrozma
71%
639 Terrakion
71%
642 Thundurus
71%
640 Virizion
71%
888 Zacian
71%
889 Zamazenta
71%
482 Azelf
64%
794 Buzzwole
64%
488 Cresselia
64%
890 Eternatus
64%
485 Heatran
64%
645 Landorus
64%
492 Shaymin
64%
641 Tornadus
64%
772 Type: Null
64%
892 Urshifu
64%
494 Victini
64%
790 Cosmoem
57%
987 Flutter Mane
57%
799 Guzzlord
57%
992 Iron Hands
57%
994 Iron Moth
57%
1007 Koraidon
57%
801 Magearna
57%
648 Meloetta
57%
481 Mesprit
57%
1008 Miraidon
57%
489 Phione
57%
895 Regidrago
57%
894 Regieleki
57%
985 Scream Tail
57%
773 Silvally
57%
480 Uxie
57%
721 Volcanion
57%
898 Calyrex
50%
1001 Chien-Pao
50%
896 Glastrier
50%
991 Iron Bundle
50%
995 Iron Thorns
50%
990 Iron Treads
50%
1006 Iron Valiant
50%
798 Kartana
50%
804 Naganadel
50%
793 Nihilego
50%
1017 Ogerpon
50%
803 Poipole
50%
1005 Roaring Moon
50%
989 Sandy Shocks
50%
988 Slither Wing
50%
805 Stakataka
50%
787 Tapu Bulu
50%
788 Tapu Fini
50%
785 Tapu Koko
50%
786 Tapu Lele
50%
807 Zeraora
50%
806 Blacephalon
43%
986 Brute Bonnet
43%
905 Enamorus
43%
1016 Fezandipiti
43%
1020 Gouging Fire
43%
984 Great Tusk
43%
993 Iron Jugulis
43%
891 Kubfu
43%
802 Marshadow
43%
1014 Okidogi
43%
795 Pheromosa
43%
1021 Raging Bolt
43%
897 Spectrier
43%
1024 Terapagos
43%
1009 Walking Wake
43%
1002 Wo-Chien
43%
893 Zarude
43%
797 Celesteela
36%
1004 Chi-Yu
36%
1022 Iron Boulder
36%
1023 Iron Crown
36%
1010 Iron Leaves
36%
809 Melmetal
36%
808 Meltan
36%
1015 Munkidori
36%
1025 Pecharunt
36%
1003 Ting-Lu
36%
796 Xurkitree
36%
No matching quizzes found
Score Distribution
Percent of People with Each Score
Percentile by Number Answered
Your Score History
You have not taken this quiz